00443nam a2200157Ia 4500003000900000008004100009020001800050040001600068080001700084100001700101245008600118260003800204300001000242650001400252650001900266IN-BaIIA211028s9999 xx 000 0 eng d a0-8094-2587-4 cIIA Library a12:42.0bPER aPerl, Philip 0aCacti and SucculentscPhilip Perl  aAlexandriabTime-Life Booksc1978 a160p. aGardening aNASA Thesaurus